My Hero Academia | Devine le personnage | Facile - Statistiques

Statistiques générales
  • Ce quiz a été pris 114 fois
  • Le résultat moyen est 13 sur 16
Statistiques - réponses
Par images Réponse % Correct
Izuku
94%
Shouta Aizawa
94%
All Might
93%
Mina Ashido
93%
Shoto Todoroki
93%
Tenya Iida
93%
Bakugo
91%
Momo Yaoyorozu
91%
Tsuyu Asui
91%
Enji Todoroki
89%
Hawks
89%
Toya Todoroki
89%
All for one
88%
Ochaco Uraraka
88%
Denki Kaminari
87%
Eijiro Kirishima
82%
Stain
82%
Tenko Shimura
79%
Himiko Toga
78%
Gran Torino
75%
Kyoka Jiro
74%
Fumikage Tokoyami
73%
Mirio Togata
72%
Kai Chisaki
71%
Mount Lady
71%
Jin Bubaigawara
68%
Aucun quiz correspondant
Distribution des résultats
% des personnes avec chaque résultat
Percentile par nombre de réponses
Votre historique - résultats
Vous n’avez pas pris ce quiz